000 00330nam a2200133Ia 4500
008 150201s2013 xx 000 0 und d
082 _a616.07
_bP13N
100 _aNAYAK, RAMADAS
245 _aTB. OF PATHOLOGY & GENETICS FOR NURSES
260 _bJAYPEE
_aDELHI
_c2013
300 _a404
650 _aPATHOLOGY
942 _2ddc
_cBK
_04
999 _c2442
_d2442